Argentinos en la NBA - Estadísticas

Estadísticas generales
  • Esta prueba ha sido intentada 330 veces
    158 desde el último reinicio
  • La puntuación promedio es 24 de 37
Estadísticas de respuestas
Player Team años % Correcto
E. Ginóbili Spurs 2002/18
98%
F. Oberto Spurs 2005/2009
98%
N. Laprovitola Spurs 2016
98%
A. Nocioni Bulls 2004/09
80%
F. Campazzo Nuggets 2020/2022
80%
Rockets 2012/2013
80%
L. Scola Rockets 2007/2012
80%
Rockets 2015
80%
P. Prigioni Knicks 2012/2015
70%
Bucks 2009/2012
69%
Bucks 2013/2014
69%
L. Vildoza Bucks 2022
69%
Celtics 2002
69%
N. Brussino Mavericks 2016/2017
69%
Mavericks 2022
69%
G. Deck Thunder 2021/2022
68%
L. Bolmaro T-Wolves 2021/2022
68%
Jazz 2022...
63%
Nets 2016/2017
62%
Clippers 2015/2016
61%
J. I. Sánchez 76ers 2000/01
60%
76ers 2010/2012
60%
P. Garino Magic 2017
60%
Pacers 2013/2015
59%
Pistons 2002/03
59%
C. Delfino Pistons 2004/2007
59%
Pistons 2007/2009
59%
Hawks 2001
57%
Hawks 2017
57%
Raptors 2007/2008
55%
Raptors 2015/2016
55%
Suns 2012/2013
51%
Wizards 2009/2010
51%
Kings 2009/2010
48%
Trail Blazers 2010
44%
R. Wolkowiski Supersonics 2000/01
26%
W. Hermann Bobcats 2006/2007
18%
No se encontraron pruebas coincidentes
Distribución de puntuación
Porcentaje de gente con cada puntuación
Porcentaje por número respondido
Historial de tus puntuaciones
No has intentado esta prueba desde el último reinicio